| 000 | 00449nam a2200157 a 4500 | ||
|---|---|---|---|
| 005 | 20140412111332.0 | ||
| 008 | 030317s19uu xx 00 eng d | ||
| 020 | _a0-02-179072-8 | ||
| 050 |
_aTR(PS E _bKi65 1974 |
||
| 100 | _aKeats, Ezra Jack | ||
| 245 |
_aKitten for a day / _cEzra Jack Keats. |
||
| 260 |
_aNew York : _bMacmillan/McGraw-Hill School Pub. Comp, _c1974. |
||
| 300 | _a31 p. ; ill. | ||
| 650 | _aKittens--Fiction | ||
| 999 |
_c104947 _d104947 |
||